| 000 | 00534nam a22002057a 4500 | ||
|---|---|---|---|
| 005 | 20251108164259.0 | ||
| 008 | 250721s1990 xx 000 0 ara d | ||
| 082 | 1 | 4 | _a625.8/احم |
| 100 | 1 | _aأحمد، نامق حويز | |
| 245 | 1 | 0 | _aهندسة التبليط الإسفلتي / |
| 250 | _aط2. | ||
| 264 | _c1990. | ||
| 300 | _aج | ||
| 650 | 1 | 7 | _aالطرق |
| 650 | 1 | 7 | _aالخرسانة الأسفلتية |
| 650 | 1 | 7 | _aالإسمنت |
| 700 | 1 | _aرسول، محمد حسين | |
| 942 |
_2ddc _cBK |
||
| 999 |
_c8224 _d8224 |
||